Prvý školský rok "strojárov" u richtára... SPŠS v Bratislave má 75 rokov

Bibliographic Details
Main Author: Tkáč, František (Author)
Format: Article
Language:Slovak
PhysicalDescription:2 obr.
Subjects:

MARC

LEADER 00000nab a2200000 a 4500
001 vtls000010000
003 SK-MaSNL
005 20260426063055.0
008 111103c1978 xo 0 slo
015 |a SNBRB19rr/mm-uuuuu 
035 |a CL0020094 
040 |a SNKBUCL  |b slo  |c SNKBUCL  |e AACR2 
041 0 |a slo 
044 |a xo  |c SK 
080 |a 373.6  |2 1981 
100 1 |a Tkáč, František  |4 aut  |9 434864 
245 1 0 |a Prvý školský rok "strojárov" u richtára...  |b SPŠS v Bratislave má 75 rokov  |c František Tkáč 
300 |b 2 obr. 
650 0 7 |a školy  |2 snkbucl  |9 1276 
651 7 |a Bratislava (Slovensko)  |2 snkbucl  |9 14568 
655 7 |a články z novín a časopisov  |2 snkbucl  |9 267496 
773 0 |t Technické noviny  |g Roč. 26, č. 35 (29. 8. 1978), s. 10 
850 |a Slovenská národná knižnica v Martine  |a MTA001 
852 |a SNK  |b KIS3GCP 
958 |a RK 
972 |a SC 123456 D1 
992 |a RBX 
999 |c 2552378  |d 2554308